| 000 | 00669cab a2200205 4500 | ||
|---|---|---|---|
| 001 | WB2612-22 | ||
| 008 | 090401t1990 xxu||||| |||| 00| 0 eng d | ||
| 035 | _a(Sirsi) u15672 | ||
| 041 | _aeng | ||
| 245 | _aNew home finance | ||
| 260 | _c1990 | ||
| 350 | _a0 | ||
| 490 |
_aFinancial Times _v17/3/90 pXIV (2) |
||
| 520 | _aA researcher with a new idea of financing the purchase of residential property in the form of an exempt property unit trust is finding it difficult to persuade institutions to back this alternative to debt-financed housing. | ||
| 650 | _aHOUSE PURCHASE | ||
| 650 | _aMORTGAGES | ||
| 690 | _aHOUSING | ||
| 942 | _n0 | ||
| 948 | _c04/03/1997 | ||
| 999 |
_c10304 _d10304 |
||